000 01033nam a22002537a 4500
008 081210t xxu||||| |||| 00| 0 eng d
010 _aENG-92098
020 _a0230636101
_c365.00
020 _a9780230636101
_c365.00
035 _aEN-75631
037 _bDBAD / PUB
040 _adpl
_bEnglish
082 _a346.54082
245 _aLegal & regulatory aspects of banking :
_b(for JAIIB/Diploma in banking & finance examination) /
_cby Indian Institute of Banking & Finance
250 _a2nd ed
260 _aNew Delhi
_bMacmillan India
_c2008(repr.)
270 _a2/10, Ansar Road, Daryaganj,
_bNew Delhi
_e110002
300 _axiii, 476p.
_c24cm (pbk)
500 _aIncludes bibliographical references
650 _aBanking law
650 _aBanks and banking
_xLaw and legislation
942 _2ddc
_cEN
_mLEG
_h346.54082
999 _c19632
_d19632